00769nam a2200277Ia 450000500170000000800460001702000180006303700100008104000080009104000080009904000080010704100080011504100080012308400080013110000190013924500220015824500910018026000230027126000090029436500050030336500080030885600530031694200100036999900210037995200910040020260324120332.0008 260324s9999 xx 000 0 eng d a9780429155161 aEBOOK aCRL beng cCRL 2eng aeng qCRL aD. H. Stamatis 0aQuality Assurance 0bApplying Methodologies for Launching New Products, Services, and Customer Satisfaction bTaylor and Francis c2015 a b340 uhttp://www.taylorfrancis.com/books/9780429155161 cEBOOK c1749640d1749640 00104070aCRLbCRLd2026-03-24l0pCL2031851r2026-03-24 12:03:32w2026-03-24yEBOOK